Central Library OPAC University of Rajshahi

একুশের প্রবন্ধ (Record no. 65081)

MARC details
000 -LEADER
fixed length control field 00843nam a2200229 a 4500
001 - CONTROL NUMBER
control field 65081
003 - CONTROL NUMBER IDENTIFIER
rucl marc code BD-RjUL
005 - DATE AND TIME OF LATEST TRANSACTION
control field 20211209081402.0
008 - FIXED-LENGTH DATA ELEMENTS--GENERAL INFORMATION
fixed length control field 170226s1989 bg ||||| |||| 00| 0 ben d
020 ## - INTERNATIONAL STANDARD BOOK NUMBER
Terms of availability : Tk. 40.00
035 ## - SYSTEM CONTROL NUMBER
System control number (BD-RjUL)65211
040 ## - CATALOGING SOURCE
Original cataloging agency BD-RjUL
Language of cataloging ben
Transcribing agency BD-RjUL
Modifying agency BD-RjUL
041 ## - LANGUAGE CODE
Language code of text/sound track or separate title ben
082 ## - DEWEY DECIMAL CLASSIFICATION NUMBER
Edition number 23
Classification number 891.4408
Author mark and year EKU 1989
245 00 - TITLE STATEMENT
Title একুশের প্রবন্ধ
Remainder of title ১৯৮৯ /
Statement of responsibility, etc. বাংলা একাডেমী
260 ## - PUBLICATION, DISTRIBUTION, ETC. (IMPRINT)
Place of publication, distribution, etc. ঢাকা :
Name of publisher, distributor, etc. বাংলা একাডেমী,
Date of publication, distribution, etc. ১৯৮৯
300 ## - PHYSICAL DESCRIPTION
Pagination ১৩৮ পৃ. ;
Size ২১ সেমি.
650 ## - SUBJECT ADDED ENTRY--TOPICAL TERM
Topical term or geographic name as entry element বাংলা সাহিত্য
Form subdivision সংগৃহীত কাজ
9 (RLIN) 145415
Topical term or geographic name as entry element Bengali litterature
Form subdivision Collective work
9 (RLIN) 145416
710 ## - ADDED ENTRY--CORPORATE NAME
Corporate name or jurisdiction name as entry element বাংলা একাডেমী
9 (RLIN) 144620
942 ## - ADDED ENTRY ELEMENTS (KOHA)
Source of classification or shelving scheme Dewey Decimal Classification
Koha item type Books
Holdings
Lost status Source of classification or shelving scheme Damaged status Not for loan Collection code Permanent Location Current Location Shelving location Date acquired Source of acquisition Cost, normal purchase price Total Checkouts Full call number Date last seen Copy number Koha item type
  Dewey Decimal Classification   Not For Loan Non-fiction Central Library, University of Rajshahi Central Library, University of Rajshahi Reading Room 01/07/1990 Bangla Academy, Dhaka. 40.00   B 891.4408 EKU 1989 26/02/2017 C-1 Books